Introducción a Piaget : Pensamiento. Aprendizaje. Enseñanza /
Guardado en:
| Autor Principal: | |
|---|---|
| Otros Autores: | , |
| Formato: | Libro |
| Idioma: | Undetermined |
| Publicado: |
México :
Addison-Wesley,
1990.
|
| Materias: | |
| Etiquetas: |
Agregar Etiqueta
Sin Etiquetas, Sea el primero en etiquetar este registro!
|
| LEADER | 02050nam a22002055a 4500 | ||
|---|---|---|---|
| 001 | CEM.cems020731 | ||
| 008 | 231205s1990####mx############000#0#und#d | ||
| 005 | 20231205165313.0 | ||
| 245 | 1 | 0 | |a Introducción a Piaget : |b Pensamiento. Aprendizaje. Enseñanza / |c Ed Labinowicz ; ilustrado por Susie Pollard Frazee ; traducido por Humberto López Pineda. |
| 260 | |a México : |b Addison-Wesley, |c 1990. | ||
| 300 | |a 310 p. | ||
| 500 | |a Este libro nace de la experiencia personal del autor, con respecto a las teorías sustentadas por Piaget sobre el pensamiento, el aprendizaje y la enseñanza de los niños. Su función primordial es la de orientar activamente a los maestros de todos los niveles, en la aplicación de una metodología general de estudio que desarrolle en el alumno un interés vigoroso y disciplinado por el trabajo intelectual. | ||
| 505 | 0 | |a Explorando el pensamiento y el aprendizaje en los niños. Exploración 1: cambio de volumen -- Piaget: el hombre, sus métodos y sus ideas -- Repaso de las nociones de pensamiento y aprendizaje con Piaget como guía -- Períodos y niveles propuestos por Piaget para el pensamiento infantil -- Los niveles del pensamiento infantil en el concepto de número -- El lenguaje en el pensamiento, el aprendizaje y la enseñanza -- Explorando el pensamiento y el aprendizaje infantil. Exploración 2: longitud -- La orientación de Piaget en torno al desarrollo y el aprendizaje -- Enseñando en busca de congruencia entre las capacidades y las limitaciones naturales de los niños -- Desarrollando un ambiente escolar para el aprendizaje activo -- Adelante hacia lo básico -- Esquema para un curso prepatatorio, bibliografía para principiantes y proyecto para estudiantes -- Películas, cintas de video y otras fuentes de información | |
| 020 | |a 0201102501 | ||
| 100 | 1 | |a Labinowicz, Ed. | |
| 700 | 1 | |a Pollard Frazee, Susie ; il. | |
| 700 | 1 | |a López Pineda, Humberto ; trad. | |
| 653 | |a Psicología | ||
| 653 | |a Psicología educacional | ||
| 859 | |a CEMS |b BIB. CEMS - 11 de abril |h 370.15 |i L113 |p 29542.23 |t Ej.1 | ||
